000 00416nam a2200121Ia 4500
008 231129s9999||||xx |||||||||||||| ||spa||
040 _bspa
082 _a676.2 Z38c
100 _aZazor Zazor Claudio
245 0 _aEl control ambiental en la industria de celulosa y papel
264 _aPereira Colombia : Corporación Centro de Capacitación y Desarrollo Tecnológico para la Industria Papelera
942 _2ddc
_cBKS
999 _c10671
_d10671